<?xml version="1.0" encoding="UTF-8"?>
<record
    xmlns:xsi="http://www.w3.org/2001/XMLSchema-instance"
    xsi:schemaLocation="http://www.loc.gov/MARC21/slim http://www.loc.gov/standards/marcxml/schema/MARC21slim.xsd"
    xmlns="http://www.loc.gov/MARC21/slim">

  <leader>02093cam a22002532  4500</leader>
  <controlfield tag="001">4545</controlfield>
  <controlfield tag="003">BD-RjUL</controlfield>
  <controlfield tag="005">20211208233918.0</controlfield>
  <controlfield tag="008">131223s1970    ncu      b    010 0 eng</controlfield>
  <datafield tag="020" ind1=" " ind2=" ">
    <subfield code="z">0822312268</subfield>
  </datafield>
  <datafield tag="035" ind1=" " ind2=" ">
    <subfield code="a">(BD-RjUL)4580</subfield>
  </datafield>
  <datafield tag="040" ind1=" " ind2=" ">
    <subfield code="a">DLC</subfield>
    <subfield code="c">DLC</subfield>
    <subfield code="d">OCL</subfield>
    <subfield code="d">EQO</subfield>
    <subfield code="d">BD-RjUL</subfield>
    <subfield code="b">eng</subfield>
  </datafield>
  <datafield tag="041" ind1=" " ind2=" ">
    <subfield code="a">eng</subfield>
  </datafield>
  <datafield tag="082" ind1=" " ind2=" ">
    <subfield code="2">23</subfield>
    <subfield code="a">341.37</subfield>
    <subfield code="b">DEL 1970</subfield>
  </datafield>
  <datafield tag="245" ind1="0" ind2="3">
    <subfield code="a">De lege pactorum :</subfield>
    <subfield code="b">essays in honor of Robert Renbert Wilson /</subfield>
    <subfield code="c">by Alona E. Evans [et al...] ; Edited by David R. Deener.</subfield>
  </datafield>
  <datafield tag="260" ind1=" " ind2=" ">
    <subfield code="a">Durham, N.C. :</subfield>
    <subfield code="b">Duke University Press,</subfield>
    <subfield code="c">c1970.</subfield>
  </datafield>
  <datafield tag="300" ind1=" " ind2=" ">
    <subfield code="a">xiii, 274 p. ;</subfield>
    <subfield code="c">25 cm.</subfield>
  </datafield>
  <datafield tag="505" ind1="0" ind2=" ">
    <subfield code="a">Pro meritis, by D. R. D.--The self-executing treaty in contemporary American practice, by A. E. Evans.--"Constitution-making" treaties and international courts: judicial review within the European communities, by H. W. Baade.--Reservations to multilateral treaties, by M. A. Chaudhri.--United States treaty commitments and outer space, by R. E. Clute.--Treaty norms and statutory norms: patterns of priority and choice, by D. R. Deener.--The role of international labor conventions in economic development in emerging nations, by C. H. Dillon.--Weighted voting in international commodity agreements, by C. B. Hagan.--Reservations in agreements for pacific settlement of disputes, by J. M. Howell.--Damnosa hereditas? The consensual basis of international law, by R. G. Jones.--The teleological approach to treaty interpretation, by A. T. Leonhard.--International leasehold arrangements, by G. L. Maris.--Succession to treaty responsibilities in civil wars, by R. R. Oglesby.--The bilateral treaty network of non-Western states, by C. S. Phillips, Jr.--Special agreements relating to the entry of the N.S. Savannah into foreign ports, by D. C. Piper.--Treaties, tariffs, and cotton, by W. H. Simpson.--United States commercial treaties today, by H. Walker.--The publications of Robert Renbert Wilson (p. [271]-274)</subfield>
  </datafield>
  <datafield tag="650" ind1=" " ind2="0">
    <subfield code="a">Treaties.</subfield>
    <subfield code="9">14356</subfield>
  </datafield>
  <datafield tag="700" ind1="1" ind2=" ">
    <subfield code="a">Wilson, Robert Renbert,</subfield>
    <subfield code="d">1898-</subfield>
    <subfield code="9">14357</subfield>
  </datafield>
  <datafield tag="700" ind1="1" ind2=" ">
    <subfield code="a">Evans, Alona E.</subfield>
    <subfield code="9">14358</subfield>
  </datafield>
  <datafield tag="700" ind1="1" ind2=" ">
    <subfield code="a">Deener, David R.</subfield>
    <subfield code="9">14359</subfield>
  </datafield>
  <datafield tag="942" ind1=" " ind2=" ">
    <subfield code="2">ddc</subfield>
    <subfield code="c">BK</subfield>
  </datafield>
  <datafield tag="999" ind1=" " ind2=" ">
    <subfield code="c">4545</subfield>
    <subfield code="d">4545</subfield>
  </datafield>
  <datafield tag="952" ind1=" " ind2=" ">
    <subfield code="0">0</subfield>
    <subfield code="1">0</subfield>
    <subfield code="2">ddc</subfield>
    <subfield code="4">0</subfield>
    <subfield code="7">1</subfield>
    <subfield code="8">NFIC</subfield>
    <subfield code="a">RUCL</subfield>
    <subfield code="b">RUCL</subfield>
    <subfield code="c">Stack</subfield>
    <subfield code="d">1994-07-24</subfield>
    <subfield code="l">0</subfield>
    <subfield code="o">341.37 DEL 1970</subfield>
    <subfield code="r">2013-12-23 00:00:00</subfield>
    <subfield code="t">C-2</subfield>
    <subfield code="w">2021-12-08</subfield>
    <subfield code="y">BK</subfield>
  </datafield>
  <datafield tag="952" ind1=" " ind2=" ">
    <subfield code="0">0</subfield>
    <subfield code="1">0</subfield>
    <subfield code="2">ddc</subfield>
    <subfield code="4">0</subfield>
    <subfield code="7">0</subfield>
    <subfield code="8">NFIC</subfield>
    <subfield code="a">RUCL</subfield>
    <subfield code="b">RUCL</subfield>
    <subfield code="c">Stack</subfield>
    <subfield code="d">1994-07-10</subfield>
    <subfield code="l">0</subfield>
    <subfield code="o">341.37 DEL 1970</subfield>
    <subfield code="r">2016-09-27 00:00:00</subfield>
    <subfield code="t">C-3</subfield>
    <subfield code="w">2021-12-08</subfield>
    <subfield code="y">BK</subfield>
  </datafield>
</record>
